00754cam a2200229 a 4500001000800000005001700008008004100025020002800066020003500094040001800129082001900147100002100166245010400187260005700291300001800348500002000366650001400386650001400400942000600414952009100420999001300511431399320240202002212.0870814s1988 maua b 001 0 eng  a0674698428 (alk. paper) a0674698436 (pbk. : alk. paper) aDLCcDLCdDLC00a306.219bPRE.1 aClifford, James,14aThe predicament of culture :btwentieth-century ethnography, literature, and art /cJames Clifford. aCambridge, Mass. :bHarvard University Press,c1988. axii, 381 p. : aIncludes index. 0aEthnology 0aEthnology cL 001040708LaWERCLbWERCLd2024-02-02l0o306. PRE.p1111r2024-02-02w2024-02-02yL c264d264